000
00222nam a2200109Ia 4500
003
GCL
008
140319s9999 xx 000 0 ara d
040
_a
GCL /
_c
GCL
082
0
4
_a
ى الاول
245
1
0
_a
84
300
_a
خر
999
_c
59194
_d
59194